[Event "40th Olympiad Open"]
[Site "Istanbul TUR"]
[Date "2012.08.28"]
[Round "1.1"]
[White "Mok, Tze-Meng"]
[Black "Van Wely, Loek"]
[Result "1-0"]
[WhiteTitle "IM"]
[BlackTitle "GM"]
[WhiteElo "2354"]
[BlackElo "2691"]
[WhiteTeam "Malaysia"]
[BlackTeam "Netherlands"]
[WhiteFideId "5700329"]
[BlackFideId "1000268"]
[EventDate "2012.08.28"]

1. e4 c5 2. Nf3 e6 3. d4 cxd4 4. Nxd4 Nf6 5. Bd3 Nc6 6. Nxc6 bxc6 7. c4 e5 8.
O-O Bc5 9. Nd2 d6 10. Nb3 Nd7 11. Nxc5 Nxc5 12. Be3 O-O 13. f4 Qe7 14. f5 f6 15.
Bc2 a5 16. Qd2 Rd8 17. Rfd1 Bb7 18. Qf2 Nd7 19. Rd2 c5 20. Rad1 Nf8 21. g4 g5
22. h4 h6 23. hxg5 hxg5 24. Qh2 Bc6 25. Qh6 Rd7 26. Rh2 Qg7 27. Qh3 a4 28. Rhd2
Rad8 29. Kf2 Rb8 30. b3 axb3 31. axb3 Qe7 32. Rh1 Qg7 33. Rhd1 Rbd8 34. Kf3 Nh7
35. Rh1 Ra8 36. Rdh2 Ra2 37. Qf1 Nf8 38. Qb1 Ra8 39. Rh6 Kf7 40. R1h2 Ke8 41.
Rh8 Kd8 42. b4 cxb4 43. Qxb4 Ke7 44. Qb6 Rc8 45. c5 d5 46. exd5 Bxd5+ 47. Kg3
Bc6 48. Qa6 Bb7 49. Qa3 Bc6 50. Qa6 Bb7 51. Qc4 Bd5 52. Qb4 Bc6 53. Be4 Rb7 54.
Qa3 Qf7 55. Bxc6 Qb3 56. Qc1 Rxc6 57. Qd2 Rc8 58. R2h6 Rxc5 59. R6h7+ Nxh7 60.
Rxh7+ Ke8 61. Rxb7 Qxb7 62. Bxc5 Qe4 63. Be3 Ke7 64. Qc3 Kd7 65. Qb3 Qc6 66.
Qf7+ Kd8 67. Qe6 Qxe6 68. fxe6 Ke7 69. Kf3 Kxe6 70. Ke4 Kf7 71. Kf5 Ke7 72. Bb6
Kf7 73. Bd8 e4 74. Kxe4 1-0